Breve diccionario etimológico de la lengua castellana /

Guardado en:
Autor Principal: Coromines, Joan
Otros Autores: Pascual, José Antonio, pról.
Formato: Libro
Publicado: Buenos Aires : Gredos, 2009
Edición:3a. ed.
Materias:
Etiquetas: Agregar Etiqueta
Sin Etiquetas, Sea el primero en etiquetar este registro!
LEADER 00648nam a22002055a 4500
001 CEM.cems017469
005 20110428091753.0
008 130507s2009##################000#0#####d
003 CEMS
020 |a 9789876092029 
082 0 4 |a 462.03 
100 1 |a Coromines, Joan 
245 1 0 |a Breve diccionario etimológico de la lengua castellana /  |c Joan Coromines ; prólogo de José Antonio Pascual 
250 |a 3a. ed. 
260 |a Buenos Aires :  |b Gredos,  |c 2009 
300 |a 596 p. 
653 |a Diccionarios 
653 |a Etimológico-diccionario 
700 1 |a Pascual, José Antonio, pról. 
859 |a CEMS  |b BIB. CEMS - Agricultura  |h 462.03  |i C816  |p A1233.11  |t Ej.1